000
00194 a2200097 4500
001
42345
100
_a
H R H
245
_a
A Kings Story
260
_a
_b
Cassell & Co.
_c
090
_c
26283
_d
26283
942
_a
NUST-CAE
_c
M
_c
18095
999
_c
277418
_d
277418